Lythraceae (Record no. 236456)

MARC details
000 -LEADER
fixed length control field 00495nam a2200181Ia 4500
008 - FIXED-LENGTH DATA ELEMENTS--GENERAL INFORMATION
fixed length control field 191130s1985##################000#0#eng##
020 ## - INTERNATIONAL STANDARD BOOK NUMBER
ISBN 9789061913665
082 ## - DEWEY DECIMAL CLASSIFICATION NUMBER
Classification number 581.9676 VER
100 ## - MAIN ENTRY--AUTHOR NAME
Personal name Verdcourt, Bernard
245 ## - TITLE STATEMENT
Title Lythraceae
Statement of responsibility, etc B.Verdcourt
260 ## - PUBLICATION, DISTRIBUTION, ETC. (IMPRINT)
Place of publication Rotterdam
Name of publisher A.A. Balkema Publishers
Year of publication 1985
300 ## - PHYSICAL DESCRIPTION
Number of Pages 62 p. : ill. ; 22 cm
650 ## - SUBJECT ADDED ENTRY--TOPICAL TERM
Topical Term Flora -- East Africa
991 ## -
-- 306698
Holdings
Withdrawn status Lost status Damaged status Not for loan Home library Current library Shelving location Date acquired Full call number Accession Number Price effective from Koha item type
        Anna Centenary Library Anna Centenary Library 5TH FLOOR, B WING 13.10.2020 581.9676 VER 190948 13.10.2020 English Books

Find us on the map